[Event "Bundesliga 9495"]
[Site "Deutschland"]
[Date "1995.??.??"]
[Round "?.3"]
[White "Libeau, Rene"]
[Black "Lau, Ralf"]
[Result "1/2-1/2"]
[WhiteElo "2470"]
[BlackElo "2490"]
[PlyCount "53"]
[EventDate "1994.10.??"]
[EventType "team"]
[EventRounds "15"]
[EventCountry "GER"]
[SourceTitle "Bundesliga 9495"]
[Source "DeepChess"]
[SourceDate "2005.01.01"]
[SourceVersion "1"]
[SourceVersionDate "2005.01.01"]
[SourceQuality "1"]
[WhiteTeam "SV Castrop Rauxel 1923"]
[BlackTeam "SG 1868 Aljech. Solingen"]
[WhiteTeamCountry "GER"]
[BlackTeamCountry "GER"]

1. c4 b6 2. Nc3 Bb7 3. e4 e6 4. g3 f5 5. d3 Nf6 6. Bg2 fxe4 7. dxe4 Bb4 8. Bd2
O-O 9. Nh3 Na6 10. O-O Nc5 11. e5 Bxg2 12. Kxg2 Ne8 13. Na4 Na6 14. Ng5 Be7 15.
Ne4 d5 16. exd6 Nxd6 17. Qg4 Nf5 18. Rad1 Qe8 19. b3 Qc6 20. Bc3 h5 21. Qe2 Rf7
22. Kg1 h4 23. Nb2 hxg3 24. hxg3 Nc5 25. Rfe1 Raf8 26. Nd3 Nxd3 27. Rxd3
1/2-1/2

[Event "Bundesliga 9495"]
[Site "Deutschland"]
[Date "1995.??.??"]
[Round "?.4"]
[White "Podzielny, Karl Heinz"]
[Black "Appel, Ralf"]
[Result "1/2-1/2"]
[WhiteElo "2455"]
[BlackElo "2430"]
[PlyCount "71"]
[EventDate "1994.10.??"]
[EventType "team"]
[EventRounds "15"]
[EventCountry "GER"]
[SourceTitle "Bundesliga 9495"]
[Source "DeepChess"]
[SourceDate "2005.01.01"]
[SourceVersion "1"]
[SourceVersionDate "2005.01.01"]
[SourceQuality "1"]
[WhiteTeam "SG 1868 Aljech. Solingen"]
[BlackTeam "SV Castrop Rauxel 1923"]
[WhiteTeamCountry "GER"]
[BlackTeamCountry "GER"]

1. Nf3 Nf6 2. c4 b6 3. g3 Bb7 4. Bg2 c5 5. O-O e6 6. Nc3 d6 7. Re1 Be7 8. e4
O-O 9. d4 cxd4 10. Nxd4 Qc8 11. Be3 a6 12. f4 Nbd7 13. Rc1 Re8 14. Bf2 g6 15.
Bh3 Bf8 16. b4 Qc7 17. Nd5 Qd8 18. Nc3 Rc8 19. Bf1 e5 20. fxe5 Nxe5 21. Nd5
Nfg4 22. Qe2 Bg7 23. Nf3 Nxc4 24. Rxc4 Bxd5 25. Rxc8 Qxc8 26. Bxb6 Rxe4 27.
Qxa6 Qxa6 28. Bxa6 Rxb4 29. Re8+ Bf8 30. Bc7 Bxf3 31. Rxf8+ Kg7 32. Rb8 Ra4 33.
Bc8 Rxa2 34. Bxg4 Bxg4 35. Bxd6 Bh3 36. Rb2 1/2-1/2

[Event "Bundesliga 9495"]
[Site "Deutschland"]
[Date "1995.??.??"]
[Round "?.5"]
[White "Sehner, Norbert"]
[Black "Reeh, Oliver"]
[Result "1/2-1/2"]
[WhiteElo "2410"]
[BlackElo "2450"]
[PlyCount "85"]
[EventDate "1994.10.??"]
[EventType "team"]
[EventRounds "15"]
[EventCountry "GER"]
[SourceTitle "Bundesliga 9495"]
[Source "DeepChess"]
[SourceDate "2005.01.01"]
[SourceVersion "1"]
[SourceVersionDate "2005.01.01"]
[SourceQuality "1"]
[WhiteTeam "SV Castrop Rauxel 1923"]
[BlackTeam "SG 1868 Aljech. Solingen"]
[WhiteTeamCountry "GER"]
[BlackTeamCountry "GER"]

1. c4 g6 2. g3 Bg7 3. Bg2 c5 4. Nc3 Nc6 5. d3 b6 6. e4 Bb7 7. Nge2 d6 8. Be3
Qd7 9. Qd2 f5 10. O-O Nf6 11. Rae1 O-O-O 12. exf5 gxf5 13. Nd5 e6 14. Nxf6 Bxf6
15. d4 cxd4 16. Nxd4 Bxd4 17. Bxd4 Nxd4 18. Bxb7+ Qxb7 19. Qxd4 e5 20. Qd3 f4
21. Qd5 Qxd5 22. cxd5 Rhf8 23. Rc1+ Kd7 24. Rc3 Rc8 25. Rfc1 fxg3 26. hxg3 Rc5
27. b4 Rxd5 28. Rc7+ Ke6 29. R1c2 h5 30. Rxa7 h4 31. gxh4 Rf4 32. Rh7 Rxb4 33.
Rh6+ Kf5 34. Rc6 Rd1+ 35. Kg2 Rg4+ 36. Kf3 e4+ 37. Ke3 Rgg1 38. Rh5+ Kg6 39.
Rb5 Rge1+ 40. Kf4 Rd3 41. Rb3 Rd2 42. Re3 Rxf2+ 43. Kxe4 1/2-1/2

[Event "Bundesliga 9495"]
[Site "Deutschland"]
[Date "1995.??.??"]
[Round "?.6"]
[White "Schaefer, Markus"]
[Black "Dinstuhl, Volkmar"]
[Result "1-0"]
[WhiteElo "2435"]
[BlackElo "2350"]
[PlyCount "65"]
[EventDate "1994.10.??"]
[EventType "team"]
[EventRounds "15"]
[EventCountry "GER"]
[SourceTitle "Bundesliga 9495"]
[Source "DeepChess"]
[SourceDate "2005.01.01"]
[SourceVersion "1"]
[SourceVersionDate "2005.01.01"]
[SourceQuality "1"]
[WhiteTeam "SG 1868 Aljech. Solingen"]
[BlackTeam "SV Castrop Rauxel 1923"]
[WhiteTeamCountry "GER"]
[BlackTeamCountry "GER"]

1. e4 c5 2. Nf3 d6 3. d4 cxd4 4. Nxd4 Nf6 5. Nc3 a6 6. Bd3 e5 7. Nf5 Bxf5 8.
exf5 d5 9. Bg5 d4 10. Bxf6 gxf6 11. Ne4 Qa5+ 12. c3 Be7 13. O-O dxc3 14. bxc3
Nd7 15. Qh5 Qc7 16. Rad1 h6 17. Bc2 Rd8 18. Bb3 Rh7 19. Rd5 Nb8 20. Rfd1 Rxd5
21. Rxd5 Qc6 22. Qd1 Nd7 23. c4 Nc5 24. Nxc5 Bxc5 25. Ba4 b5 26. cxb5 axb5 27.
Qb3 Kf8 28. Rd8+ Ke7 29. Bxb5 Bxf2+ 30. Kh1 Qc5 31. Rd7+ Kf8 32. Bc4 Qb6 33.
Qa3+ 1-0

[Event "Bundesliga 9495"]
[Site "Deutschland"]
[Date "1995.??.??"]
[Round "?.7"]
[White "Hennig, Dirk"]
[Black "Zysk, Robert"]
[Result "1/2-1/2"]
[WhiteElo "2345"]
[BlackElo "2450"]
[PlyCount "82"]
[EventDate "1994.10.??"]
[EventType "team"]
[EventRounds "15"]
[EventCountry "GER"]
[SourceTitle "Bundesliga 9495"]
[Source "DeepChess"]
[SourceDate "2005.01.01"]
[SourceVersion "1"]
[SourceVersionDate "2005.01.01"]
[SourceQuality "1"]
[WhiteTeam "SV Castrop Rauxel 1923"]
[BlackTeam "SG 1868 Aljech. Solingen"]
[WhiteTeamCountry "GER"]
[BlackTeamCountry "GER"]

1. e4 g6 2. d4 d6 3. Nf3 Bg7 4. Be2 Nf6 5. Nc3 c6 6. Bf4 Qa5 7. Qd2 Nbd7 8. O-O
O-O 9. Bh6 Re8 10. Bxg7 Kxg7 11. a3 e5 12. Rfd1 Nf8 13. b4 Qc7 14. d5 c5 15.
Rab1 a6 16. b5 axb5 17. Bxb5 Re7 18. a4 h6 19. Re1 Bg4 20. Qe3 Bxf3 21. Qxf3
N8h7 22. Re3 h5 23. Rf1 Ng4 24. Ree1 Rf8 25. h3 Nh6 26. Qg3 Qd8 27. f4 exf4 28.
Rxf4 Re5 29. Nb1 Qe7 30. Nd2 Nf6 31. Ref1 Nxe4 32. Nxe4 Rxe4 33. Rxe4 Qxe4 34.
Qxd6 Qd4+ 35. Rf2 Nf5 36. Qf4 Qd1+ 37. Kh2 Qxd5 38. Bd3 Rc8 39. Bxf5 Qxf5 40.
Qxf5 gxf5 41. Rxf5 Kg6 1/2-1/2

[Event "Bundesliga 9495"]
[Site "Deutschland"]
[Date "1995.??.??"]
[Round "?.8"]
[White "Seul, Georg"]
[Black "Hille, Ralph Ingo"]
[Result "1-0"]
[WhiteElo "2440"]
[BlackElo "2265"]
[PlyCount "91"]
[EventDate "1994.10.??"]
[EventType "team"]
[EventRounds "15"]
[EventCountry "GER"]
[SourceTitle "Bundesliga 9495"]
[Source "DeepChess"]
[SourceDate "2005.01.01"]
[SourceVersion "1"]
[SourceVersionDate "2005.01.01"]
[SourceQuality "1"]
[WhiteTeam "SG 1868 Aljech. Solingen"]
[BlackTeam "SV Castrop Rauxel 1923"]
[WhiteTeamCountry "GER"]
[BlackTeamCountry "GER"]

1. e4 c6 2. d4 d5 3. exd5 cxd5 4. c3 Nc6 5. Bf4 g6 6. Nf3 Nf6 7. Bd3 Bf5 8. O-O
Bxd3 9. Qxd3 Bg7 10. h3 O-O 11. Nbd2 a6 12. Rfe1 e6 13. Qe3 Re8 14. Bh6 Bh8 15.
Ne5 Nd7 16. Qg3 Ne7 17. Bf4 Nf5 18. Qg4 Bg7 19. Qe2 f6 20. Nxd7 Qxd7 21. Nf3
Nd6 22. Rad1 Rac8 23. Nh2 Kf7 24. Ng4 Nf5 25. Qd2 b5 26. Qe2 Rc6 27. Nh2 Nd6
28. Nf3 Ne4 29. Rf1 Qb7 30. a3 a5 31. Qd3 Rec8 32. Nd2 Nxd2 33. Bxd2 Bf8 34. f4
b4 35. axb4 axb4 36. g4 Qa6 37. Qf3 Qa2 38. f5 e5 39. dxe5 Bc5+ 40. Kh1 gxf5
41. Qxf5 d4 42. exf6 Re6 43. Qxh7+ Ke8 44. f7+ Kd7 45. f8=Q+ Be7 46. Qf3 1-0

[Event "Bundesliga 9495"]
[Site "Deutschland"]
[Date "1994.??.??"]
[Round "?.3"]
[White "Lau, Ralf"]
[Black "Luther, Thomas"]
[Result "1-0"]
[WhiteElo "2515"]
[BlackElo "2510"]
[PlyCount "71"]
[EventDate "1994.10.??"]
[EventType "team"]
[EventRounds "15"]
[EventCountry "GER"]
[SourceTitle "Bundesliga 9495"]
[Source "DeepChess"]
[SourceDate "2005.01.01"]
[SourceVersion "1"]
[SourceVersionDate "2005.01.01"]
[SourceQuality "1"]
[WhiteTeam "SG 1868 Aljech. Solingen"]
[BlackTeam "SV Empor Berlin e.V."]
[WhiteTeamCountry "GER"]
[BlackTeamCountry "GER"]

1. e4 e6 2. d4 d5 3. Nc3 Nf6 4. e5 Nfd7 5. f4 c5 6. Nf3 Nc6 7. Be3 Qb6 8. Na4
Qa5+ 9. c3 c4 10. b4 Qc7 11. g3 b5 12. Nc5 a5 13. a3 axb4 14. axb4 Rxa1 15.
Qxa1 Nxc5 16. dxc5 Be7 17. Nd4 Nxd4 18. Bxd4 O-O 19. Bg2 Bd7 20. O-O Qb7 21.
Qd1 Ra8 22. Qe2 Ra6 23. h4 Qa8 24. Rf2 Ra1+ 25. Kh2 Qa3 26. f5 exf5 27. e6 Bxe6
28. Qe5 Bf8 29. c6 h6 30. Qb8 Qa8 31. c7 Kh7 32. Re2 Bd6 33. Qd8 Ra6 34. Rxe6
Bxc7 35. Qxa8 Rxa8 36. Re7 1-0

[Event "Bundesliga 9495"]
[Site "Deutschland"]
[Date "1994.??.??"]
[Round "?.4"]
[White "Rabiega, Robert"]
[Black "Podzielny, Karl Heinz"]
[Result "1/2-1/2"]
[WhiteElo "2475"]
[BlackElo "2465"]
[PlyCount "27"]
[EventDate "1994.10.??"]
[EventType "team"]
[EventRounds "15"]
[EventCountry "GER"]
[SourceTitle "Bundesliga 9495"]
[Source "DeepChess"]
[SourceDate "2005.01.01"]
[SourceVersion "1"]
[SourceVersionDate "2005.01.01"]
[SourceQuality "1"]
[WhiteTeam "SV Empor Berlin e.V."]
[BlackTeam "SG 1868 Aljech. Solingen"]
[WhiteTeamCountry "GER"]
[BlackTeamCountry "GER"]

1. e4 c5 2. c3 e6 3. d4 d5 4. exd5 exd5 5. Be3 c4 6. b3 cxb3 7. axb3 Bf5 8. Bd3
Bxd3 9. Qxd3 Nc6 10. Ne2 Bd6 11. Nd2 Nge7 12. O-O O-O 13. Rfe1 Re8 14. Nf4
1/2-1/2

[Event "Bundesliga 9495"]
[Site "Deutschland"]
[Date "1994.??.??"]
[Round "?.6"]
[White "Poldauf, Dirk"]
[Black "Schaefer, Markus"]
[Result "1/2-1/2"]
[WhiteElo "2445"]
[BlackElo "2455"]
[PlyCount "87"]
[EventDate "1994.10.??"]
[EventType "team"]
[EventRounds "15"]
[EventCountry "GER"]
[SourceTitle "Bundesliga 9495"]
[Source "DeepChess"]
[SourceDate "2005.01.01"]
[SourceVersion "1"]
[SourceVersionDate "2005.01.01"]
[SourceQuality "1"]
[WhiteTeam "SV Empor Berlin e.V."]
[BlackTeam "SG 1868 Aljech. Solingen"]
[WhiteTeamCountry "GER"]
[BlackTeamCountry "GER"]

1. c4 Nf6 2. Nc3 g6 3. g3 Bg7 4. Bg2 O-O 5. d4 d6 6. Nf3 Nbd7 7. O-O e5 8. h3
c6 9. e4 Qb6 10. d5 cxd5 11. cxd5 Nc5 12. Qe2 Bd7 13. Be3 Rfc8 14. Rfc1 Qa6 15.
Qxa6 bxa6 16. Ne1 Rab8 17. Rc2 Ne8 18. g4 f5 19. f3 Bf6 20. Bf1 fxe4 21. fxe4
Bd8 22. Bxc5 Rxc5 23. Bxa6 Bg5 24. Ng2 Nf6 25. Re1 Rb4 26. Rf2 h5 27. Ref1 Nh7
28. h4 Bf4 29. Nxf4 exf4 30. g5 Bc8 31. a3 Rb8 32. Bxc8 Rcxc8 33. Nd1 Nf8 34.
Rxf4 Nd7 35. b4 Ne5 36. Rf6 Rc4 37. Nf2 Rd8 38. Re1 Rc3 39. Kg2 Rxa3 40. Rc1
Rf8 41. Nh3 Ra2+ 42. Kg3 Ra3+ 43. Kg2 Ra2+ 44. Kg3 1/2-1/2

[Event "Bundesliga 9495"]
[Site "Deutschland"]
[Date "1994.??.??"]
[Round "?.7"]
[White "Zysk, Robert"]
[Black "Volke, Karsten"]
[Result "0-1"]
[WhiteElo "2445"]
[BlackElo "2440"]
[PlyCount "102"]
[EventDate "1994.10.??"]
[EventType "team"]
[EventRounds "15"]
[EventCountry "GER"]
[SourceTitle "Bundesliga 9495"]
[Source "DeepChess"]
[SourceDate "2005.01.01"]
[SourceVersion "1"]
[SourceVersionDate "2005.01.01"]
[SourceQuality "1"]
[WhiteTeam "SG 1868 Aljech. Solingen"]
[BlackTeam "SV Empor Berlin e.V."]
[WhiteTeamCountry "GER"]
[BlackTeamCountry "GER"]

1. d4 Nf6 2. Nf3 g6 3. c4 Bg7 4. g3 O-O 5. Bg2 d6 6. O-O Nbd7 7. Nc3 e5 8. e4
exd4 9. Nxd4 Re8 10. Re1 Nc5 11. Nb3 Nfd7 12. Qc2 Ne5 13. Nxc5 dxc5 14. Rd1 Bd7
15. Be3 b6 16. Nd5 c6 17. Nf4 Qc8 18. h3 g5 19. Nh5 Bxh3 20. Nxg7 Kxg7 21. Bxg5
Bxg2 22. Kxg2 Qg4 23. Bf4 Ng6 24. Qc3+ Kg8 25. Bh6 Qxe4+ 26. Qf3 Qxf3+ 27. Kxf3
Ne5+ 28. Kg2 Nxc4 29. b3 Re6 30. Rh1 Nd6 31. Rh5 Rae8 32. Rah1 f6 33. Bf4 R8e7
34. Rd1 Nf7 35. Rdh1 Ne5 36. Rd1 Ng6 37. Be3 Re5 38. Rh6 Rd5 39. Rc1 Red7 40.
Rhh1 Ne5 41. Rh4 Rd1 42. Rc2 Re1 43. Rh1 Nd3 44. a3 Rxh1 45. Kxh1 Ne5 46. b4 c4
47. a4 b5 48. axb5 cxb5 49. f4 Nc6 50. Bc5 Rd5 51. Re2 Kf7 0-1

[Event "Bundesliga 9495"]
[Site "Deutschland"]
[Date "1994.??.??"]
[Round "?.8"]
[White "Stern, Rene"]
[Black "Seul, Georg"]
[Result "0-1"]
[WhiteElo "2370"]
[BlackElo "2435"]
[PlyCount "120"]
[EventDate "1994.10.??"]
[EventType "team"]
[EventRounds "15"]
[EventCountry "GER"]
[SourceTitle "Bundesliga 9495"]
[Source "DeepChess"]
[SourceDate "2005.01.01"]
[SourceVersion "1"]
[SourceVersionDate "2005.01.01"]
[SourceQuality "1"]
[WhiteTeam "SV Empor Berlin e.V."]
[BlackTeam "SG 1868 Aljech. Solingen"]
[WhiteTeamCountry "GER"]
[BlackTeamCountry "GER"]

1. d4 Nf6 2. c4 e6 3. Nf3 Bb4+ 4. Bd2 c5 5. Bxb4 cxb4 6. a3 bxa3 7. b4 O-O 8.
Nxa3 Nc6 9. Nc2 b6 10. e3 Qe7 11. Qb1 e5 12. b5 Nxd4 13. exd4 exd4+ 14. Kd1 Ne4
15. Kc1 Nxf2 16. Rg1 d3 17. Qb4 Qf6 18. Ncd4 Bb7 19. Qe1 Rfc8 20. Qxf2 Rxc4+
21. Kd2 Re8 22. Bxd3 Qf4+ 23. Kd1 Rxd4 24. Ra3 Re3 25. Qc2 Bxf3+ 26. gxf3 g6
27. Qc8+ Kg7 28. Kc2 Rexd3 29. Rxd3 Rc4+ 30. Qxc4 Qxc4+ 31. Kd2 Qxb5 32. Rd1
Qb2+ 33. Ke3 Qe5+ 34. Kf2 Qxh2+ 35. Ke3 Qe5+ 36. Kf2 a5 37. Rxd7 a4 38. Ra7 a3
39. Rd3 Qb2+ 40. Ke3 Qc1+ 41. Ke2 Qc2+ 42. Ke3 Qc5+ 43. Ke2 Qe5+ 44. Kf2 a2 45.
Rda3 Qh2+ 46. Ke3 Qg1+ 47. Kf4 h5 48. Rxa2 h4 49. Rd2 Kh6 50. Raa2 f5 51. Rf2
Qg3+ 52. Ke3 Qe5+ 53. Kd3 Qf4 54. Rac2 h3 55. Rc4 Qg3 56. Rcc2 Kh5 57. Kc4 g5
58. Kd5 Qf4 59. Rc4 Qe3 60. Rcc2 Kh4 0-1

[Event "Bundesliga 9495"]
[Site "Deutschland"]
[Date "1994.??.??"]
[Round "?.1"]
[White "Kuczynski, Robert"]
[Black "Chandler, Murray G"]
[Result "0-1"]
[WhiteElo "2515"]
[BlackElo "2545"]
[PlyCount "142"]
[EventDate "1994.10.??"]
[EventType "team"]
[EventRounds "15"]
[EventCountry "GER"]
[SourceTitle "Bundesliga 9495"]
[Source "DeepChess"]
[SourceDate "2005.01.01"]
[SourceVersion "1"]
[SourceVersionDate "2005.01.01"]
[SourceQuality "1"]
[WhiteTeam "SV Erfurt West 90"]
[BlackTeam "SG 1868 Aljech. Solingen"]
[WhiteTeamCountry "GER"]
[BlackTeamCountry "GER"]

1. e4 c6 2. d4 d5 3. Nd2 dxe4 4. Nxe4 Nf6 5. Nxf6+ gxf6 6. Qd3 Na6 7. Bd2 Qb6
8. O-O-O Bg4 9. f3 Bh5 10. Nh3 Bg6 11. Qb3 O-O-O 12. Qxb6 axb6 13. c3 e5 14.
dxe5 fxe5 15. Be2 Bg7 16. Be3 Nc5 17. Nf2 Kc7 18. b3 Ne6 19. Rxd8 Rxd8 20. g3
b5 21. b4 f5 22. Rd1 Rf8 23. Re1 h5 24. Bd1 b6 25. Bd2 c5 26. a3 Kd6 27. Bc2
Re8 28. f4 e4 29. Nd1 Nc7 30. Ne3 Nd5 31. Nxd5 Kxd5 32. Rd1 Kc6 33. Kb2 Bf7 34.
Be3 Bf6 35. h4 Bc4 36. Bf2 Ra8 37. Be1 Ra7 38. Ra1 Be2 39. a4 cxb4 40. axb5+
Kb7 41. Rxa7+ Kxa7 42. Bb3 Bxb5 43. Be6 e3 44. Kb3 bxc3 45. Bxc3 e2 46. Be1 Bd3
47. Bf7 b5 48. Bxh5 Kb6 49. Bf2+ Kc6 50. Bf3+ Kd6 51. h5 Ke6 52. g4 fxg4 53.
Bxg4+ Kf7 54. Be1 Kg7 55. Kb4 Kh6 56. Bd2 Bh4 57. f5+ Kh7 58. f6 e1=Q 59. Bxe1
Bxe1+ 60. Kc5 Bc3 61. Bd7 b4 62. Be6 Bc2 63. Kc4 Bd2 64. Bd7 Bd1 65. Bf5+ Kh6
66. Bg6 b3 67. Kd3 Bg5 68. f7 Kg7 69. Kc3 Bf6+ 70. Kd2 Bg4 71. h6+ Kf8 0-1

[Event "Bundesliga 9495"]
[Site "Deutschland"]
[Date "1994.??.??"]
[Round "?.2"]
[White "Norwood, David"]
[Black "Enders, Peter"]
[Result "1/2-1/2"]
[WhiteElo "2545"]
[BlackElo "2450"]
[PlyCount "119"]
[EventDate "1994.10.??"]
[EventType "team"]
[EventRounds "15"]
[EventCountry "GER"]
[SourceTitle "Bundesliga 9495"]
[Source "DeepChess"]
[SourceDate "2005.01.01"]
[SourceVersion "1"]
[SourceVersionDate "2005.01.01"]
[SourceQuality "1"]
[WhiteTeam "SG 1868 Aljech. Solingen"]
[BlackTeam "SV Erfurt West 90"]
[WhiteTeamCountry "GER"]
[BlackTeamCountry "GER"]

1. d4 Nf6 2. c3 g6 3. Bg5 Bg7 4. Nd2 d5 5. e3 c6 6. Bd3 Nbd7 7. f4 Nb6 8. Ngf3
Bf5 9. Bxf5 gxf5 10. Ne5 Qd6 11. O-O h5 12. Bxf6 Bxf6 13. Qc2 e6 14. a4 Rc8 15.
a5 Na8 16. c4 Nc7 17. Nd3 dxc4 18. Nxc4 Qe7 19. Nc5 Nb5 20. Rad1 a6 21. Ne5 Rd8
22. Qf2 Nd6 23. Qe2 Qc7 24. b4 Qe7 25. g3 Nb5 26. Rd3 h4 27. Nf3 hxg3 28. hxg3
Nd6 29. Rdd1 Qf8 30. Kg2 Qg7 31. Rh1 Ke7 32. Qf2 Qg4 33. Rxh8 Rxh8 34. Rh1 Rxh1
35. Kxh1 Ne4 36. Nxe4 fxe4 37. Nd2 Qd1+ 38. Kg2 Qc2 39. g4 Kd7 40. f5 Be7 41.
fxe6+ fxe6 42. Nf1 Qxf2+ 43. Kxf2 Bxb4 44. Ng3 Bxa5 45. Nxe4 Bb4 46. g5 Ke8 47.
g6 Be7 48. Kf3 a5 49. Kf4 Bf8 50. g7 Bxg7 51. Nd6+ Ke7 52. Nxb7 a4 53. Na5 c5
54. Ke4 a3 55. Kd3 a2 56. Nb3 Bh6 57. Kc3 Kf7 58. Na1 e5 59. dxc5 Bxe3 60. Kb2
1/2-1/2

[Event "Bundesliga 9495"]
[Site "Deutschland"]
[Date "1994.??.??"]
[Round "?.3"]
[White "Casper, Thomas"]
[Black "Lau, Ralf"]
[Result "1/2-1/2"]
[WhiteElo "2435"]
[BlackElo "2515"]
[PlyCount "44"]
[EventDate "1994.10.??"]
[EventType "team"]
[EventRounds "15"]
[EventCountry "GER"]
[SourceTitle "Bundesliga 9495"]
[Source "DeepChess"]
[SourceDate "2005.01.01"]
[SourceVersion "1"]
[SourceVersionDate "2005.01.01"]
[SourceQuality "1"]
[WhiteTeam "SV Erfurt West 90"]
[BlackTeam "SG 1868 Aljech. Solingen"]
[WhiteTeamCountry "GER"]
[BlackTeamCountry "GER"]

1. e4 c5 2. Nf3 e6 3. d3 Nc6 4. Be2 d5 5. O-O Nf6 6. exd5 Nxd5 7. d4 cxd4 8.
Nxd4 Qb6 9. Nxc6 bxc6 10. c4 Nf6 11. Bf3 Bb7 12. Nc3 Be7 13. Qb3 Nd7 14. Qxb6
axb6 15. Rd1 O-O-O 16. Be3 c5 17. Bxb7+ Kxb7 18. f4 Nb8 19. Rxd8 Rxd8 20. Rd1
Rxd1+ 21. Nxd1 Bf6 22. Kf2 Nc6 1/2-1/2

[Event "Bundesliga 9495"]
[Site "Deutschland"]
[Date "1994.??.??"]
[Round "?.4"]
[White "Podzielny, Karl Heinz"]
[Black "Jasnikowski, Zbigniew"]
[Result "1/2-1/2"]
[WhiteElo "2465"]
[BlackElo "2445"]
[PlyCount "87"]
[EventDate "1994.10.??"]
[EventType "team"]
[EventRounds "15"]
[EventCountry "GER"]
[SourceTitle "Bundesliga 9495"]
[Source "DeepChess"]
[SourceDate "2005.01.01"]
[SourceVersion "1"]
[SourceVersionDate "2005.01.01"]
[SourceQuality "1"]
[WhiteTeam "SG 1868 Aljech. Solingen"]
[BlackTeam "SV Erfurt West 90"]
[WhiteTeamCountry "GER"]
[BlackTeamCountry "GER"]

1. Nf3 Nf6 2. c4 g6 3. Nc3 d5 4. cxd5 Nxd5 5. h4 h5 6. Ng5 c5 7. g3 Nc6 8. Bg2
Nb6 9. d3 Bg7 10. a4 a5 11. Be3 Nd4 12. Bxd4 Qxd4 13. Qb3 c4 14. dxc4 O-O 15.
O-O Qc5 16. Rac1 Qb4 17. Qa2 e6 18. c5 Nc4 19. Nge4 Bd7 20. b3 Ne5 21. Qc2 Bc6
22. Na2 Qa3 23. Nd2 Bxg2 24. Nb1 Be4 25. Nxa3 Bxc2 26. Rxc2 Rfc8 27. Nb5 Bf8
28. Rfc1 Nd7 29. Nac3 Rxc5 30. Ne4 Rxc2 31. Rxc2 b6 32. Rc7 Nc5 33. Nxc5 Bxc5
34. Rd7 Kf8 35. Nc3 Rb8 36. Kg2 Bb4 37. Ne4 Be7 38. Ra7 Rc8 39. Rb7 Rc6 40. Kf3
Ke8 41. e3 Bd8 42. Ra7 Bc7 43. Ra8+ Ke7 44. Rc8 1/2-1/2

[Event "Bundesliga 9495"]
[Site "Deutschland"]
[Date "1994.??.??"]
[Round "?.5"]
[White "Mueller, Mat"]
[Black "Reeh, Oliver"]
[Result "0-1"]
[WhiteElo "2375"]
[BlackElo "2450"]
[PlyCount "104"]
[EventDate "1994.10.??"]
[EventType "team"]
[EventRounds "15"]
[EventCountry "GER"]
[SourceTitle "Bundesliga 9495"]
[Source "DeepChess"]
[SourceDate "2005.01.01"]
[SourceVersion "1"]
[SourceVersionDate "2005.01.01"]
[SourceQuality "1"]
[WhiteTeam "SV Erfurt West 90"]
[BlackTeam "SG 1868 Aljech. Solingen"]
[WhiteTeamCountry "GER"]
[BlackTeamCountry "GER"]

1. e4 c5 2. Nf3 d6 3. d4 cxd4 4. Nxd4 Nf6 5. Nc3 Nc6 6. Bg5 e6 7. Qd2 a6 8.
O-O-O h6 9. Bf4 Bd7 10. Nxc6 Bxc6 11. f3 d5 12. Qe1 Bb4 13. a3 Ba5 14. Bd2 Rc8
15. Kb1 dxe4 16. Nxe4 Bxe4 17. fxe4 Bxd2 18. Rxd2 Qa5 19. Bd3 Qe5 20. Rg1 Nd7
21. g4 Nc5 22. h4 O-O 23. g5 h5 24. g6 f6 25. Qe2 Rfd8 26. Rgd1 Kf8 27. Bc4 Ke7
28. Rxd8 Rxd8 29. Rxd8 Kxd8 30. Bd3 Ke7 31. Qe3 b6 32. Qf2 a5 33. Qe3 Kd6 34.
Qf2 Kc7 35. Qe3 Kd6 36. Qf2 Kc6 37. Qe2 Kc7 38. Qe3 Kd6 39. Qf2 Kc6 40. Qe2 Kc7
41. Qe3 Nd7 42. Be2 Nc5 43. Bd3 Nd7 44. Be2 Nf8 45. Qd3 Nxg6 46. Qc4+ Kd7 47.
Qa6 Qc5 48. Qb7+ Qc7 49. Qa8 Nf4 50. Bb5+ Kd6 51. b4 axb4 52. axb4 Ke5 0-1

[Event "Bundesliga 9495"]
[Site "Deutschland"]
[Date "1994.??.??"]
[Round "?.6"]
[White "Schaefer, Markus"]
[Black "Troyke, Christian"]
[Result "1-0"]
[WhiteElo "2455"]
[BlackElo "2355"]
[PlyCount "115"]
[EventDate "1994.10.??"]
[EventType "team"]
[EventRounds "15"]
[EventCountry "GER"]
[SourceTitle "Bundesliga 9495"]
[Source "DeepChess"]
[SourceDate "2005.01.01"]
[SourceVersion "1"]
[SourceVersionDate "2005.01.01"]
[SourceQuality "1"]
[WhiteTeam "SG 1868 Aljech. Solingen"]
[BlackTeam "SV Erfurt West 90"]
[WhiteTeamCountry "GER"]
[BlackTeamCountry "GER"]

1. e4 c5 2. Nf3 Nc6 3. g3 g6 4. Bg2 Bg7 5. O-O Nf6 6. d3 O-O 7. c3 d6 8. Re1
Nd7 9. Be3 Nde5 10. Nxe5 Nxe5 11. h3 Bd7 12. f4 Nc6 13. Nd2 b5 14. a3 Rb8 15.
Qc2 a5 16. Nf3 b4 17. Rab1 Qb6 18. g4 Rfc8 19. axb4 axb4 20. c4 b3 21. Qf2 Nb4
22. Red1 Nc2 23. Bd2 Nd4 24. f5 Bc6 25. Rf1 Nxf3+ 26. Qxf3 Rf8 27. Qg3 Ra8 28.
g5 Be5 29. Qh4 gxf5 30. exf5 Bxg2 31. Kxg2 Qb7+ 32. Kg1 Kh8 33. Rbe1 Rg8 34.
Bc1 Ra1 35. Re4 Rg7 36. Qg4 Rxc1 37. Rxc1 Bxb2 38. Rb1 Bc3 39. h4 b2 40. Kf2
Rg8 41. Qe2 e5 42. fxe6 fxe6 43. Rxe6 Rf8+ 44. Kg3 Qf7 45. Re4 Be5+ 46. Kg2 Bd4
47. Rxb2 Bxb2 48. Qxb2+ Kg8 49. Qe2 Ra8 50. Qf3 Ra2+ 51. Kg3 Ra3 52. Qe3 Ra7
53. Rf4 Re7 54. Rxf7 Rxe3+ 55. Rf3 Re5 56. Kg4 Kg7 57. Rf6 d5 58. Rf5 1-0

[Event "Bundesliga 9495"]
[Site "Deutschland"]
[Date "1994.??.??"]
[Round "?.7"]
[White "Voekler, Bernd"]
[Black "Zysk, Robert"]
[Result "1-0"]
[WhiteElo "2350"]
[BlackElo "2445"]
[PlyCount "69"]
[EventDate "1994.10.??"]
[EventType "team"]
[EventRounds "15"]
[EventCountry "GER"]
[SourceTitle "Bundesliga 9495"]
[Source "DeepChess"]
[SourceDate "2005.01.01"]
[SourceVersion "1"]
[SourceVersionDate "2005.01.01"]
[SourceQuality "1"]
[WhiteTeam "SV Erfurt West 90"]
[BlackTeam "SG 1868 Aljech. Solingen"]
[WhiteTeamCountry "GER"]
[BlackTeamCountry "GER"]

1. e4 e6 2. d4 d5 3. Nc3 Nf6 4. e5 Nfd7 5. f4 c5 6. Nf3 Nc6 7. Be3 Qb6 8. Na4
Qa5+ 9. c3 c4 10. b4 Qc7 11. g3 Be7 12. Bh3 b6 13. O-O Nf8 14. Qc2 Bd7 15. Nb2
h6 16. a4 O-O-O 17. Nd1 Nh7 18. Bc1 f5 19. exf6 gxf6 20. Re1 Nf8 21. f5 e5 22.
Ne3 Be8 23. dxe5 Nxe5 24. Nxe5 Qxe5 25. Ng2 Qc7 26. Be3 Nd7 27. Nf4 Ne5 28. Qf2
Bf7 29. a5 Kb7 30. axb6 axb6 31. Bg2 Ng4 32. Qa2 Nxe3 33. Qa6+ Kc6 34. Rxe3 Kd7
35. Qb5+ 1-0